[Event "Feffernitz Raika op 19th"]
[Site "Feffernitz"]
[Date "2010.08.24"]
[Round "4"]
[White "Severens, Lars"]
[Black "Rotstein, Arkadij"]
[Result "1/2-1/2"]
[WhiteElo "2149"]
[BlackElo "2527"]
[PlyCount "73"]
[EventDate "2010.08.22"]
[EventType "swiss"]
[EventRounds "9"]
[EventCountry "AUT"]
[SourceTitle "CBM 138 Extra"]
[Source "ChessBase"]
[SourceDate "2010.10.29"]
[SourceVersion "1"]
[SourceVersionDate "2010.10.29"]
[SourceQuality "1"]

1. d4 Nf6 2. c4 e6 3. Nc3 Bb4 4. Bg5 h6 5. Bh4 c5 6. d5 b5 7. dxe6 fxe6 8. cxb5 0-0 9. e3 a6 10. Be2 axb5 11. Nf3 Qa5 12. Bxf6 Rxf6 13. 0-0 Bxc3 14. bxc3 d5 15. Qc2 Nc6 16. Rfd1 Bb7 17. h3 Raf8 18. Rab1 b4 19. cxb4 cxb4 20. Rd2 Kh8 21. Bf1 e5 22. Rc1 d4 23. exd4 Rxf3 24. gxf3 Nxd4 25. Rxd4 exd4 26. Qc5 Qd8 27. Rd1 Rf4 28. Qe5 Bxf3 29. Rc1 Rf8 30. Rc7 Qg5+ 31. Qxg5 hxg5 32. Rc4 Re8 33. Bd3 Be4 34. Rxd4 Bxd3 35. Rxd3 Re1+ 36. Kg2 Kh7 37. Rb3 1/2-1/2

[Event "Dieppe op"]
[Site "Dieppe"]
[Date "2009.08.24"]
[Round "3"]
[White "Williams, Simon Kim"]
[Black "Severens, Lars"]
[Result "1-0"]
[WhiteElo "2527"]
[BlackElo "2157"]
[PlyCount "45"]
[EventDate "2009.08.23"]
[EventType "swiss"]
[EventRounds "9"]
[EventCountry "FRA"]
[SourceTitle "EXT 2010"]
[Source "ChessBase"]
[SourceDate "2010.11.25"]
[SourceVersion "1"]
[SourceVersionDate "2010.11.25"]
[SourceQuality "1"]

1. d4 d5 2. c4 c6 3. Nc3 Nf6 4. Nf3 dxc4 5. e4 b5 6. e5 Nd5 7. a4 Nxc3 8. bxc3 Bg4 9. h3 Bh5 10. e6 Qd5 11. exf7+ Bxf7 12. Be2 Nd7 13. Ng5 Rd8 14. 0-0 g6 15. axb5 cxb5 16. Re1 Bg7 17. Bf3 Qf5 18. Bg4 Qf6 19. Rxa7 h6 20. Nxf7 Qxf7 21. Ba3 Bf6 22. Be6 Qg7 23. Qf3 1-0